书目信息 |
| 题名: |
外国语言文学研究论文集
|
|
| 作者: | 袁凤识 , 聂中华 主编 | |
| 分册: | ||
| 出版信息: | 汕头 汕头大学出版社 2018 |
|
| 页数: | 222页 | |
| 开本: | 24cm | |
| 丛书名: | ||
| 单 册: | ||
| 中图分类: | H0-53 , I106-53 | |
| 科图分类: | ||
| 主题词: | 语言学--国外--文集 , 外国文学--文学研究--文集 | |
| 电子资源: | ||
| ISBN: | 978-7-5658-3668-8 | |
| 000 | 01092nam0 2200277 450 | |
| 001 | 012001009402 | |
| 005 | 20140101160434.0 | |
| 010 | @a978-7-5658-3668-8@dCNY50.00 | |
| 100 | @a20180928d2018 em y0chiy50 ea | |
| 101 | 0 | @achi@aeng@ajpn |
| 102 | @aCN@b440000 | |
| 105 | @ay z 000yy | |
| 106 | @ar | |
| 200 | 1 | @a外国语言文学研究论文集@9wai guo yu yan wen xue yan jiu lun wen ji@b专著@dA collection of foreign language and literature research papers@f袁凤识,聂中华主编@zeng |
| 210 | @a汕头@c汕头大学出版社@d2018 | |
| 215 | @a222页@d24cm | |
| 330 | @a本论文集容纳面广,以语言研究为中心,关注语言本体、外语教育与教学、翻译理论与实践等,涉及语言、文学以及教育等方面,以多维视野对外国语言文学进行当代意识的多元化诠释。 | |
| 510 | 1 | @aCollection of foreign language and literature research papers@zeng |
| 606 | 0 | @a语言学@x国外@j文集 |
| 606 | 0 | @a外国文学@x文学研究@j文集 |
| 690 | @aH0-53@v5 | |
| 690 | @aI106-53@v5 | |
| 701 | 0 | @a袁凤识@9yuan feng shi@4主编 |
| 701 | 0 | @a聂中华@9nie zhong hua@4主编 |
| 801 | 2 | @aCN@b上海新华@c20191020 |
| 905 | @b1188057-60@dH0-53@e291@f4 | |
| 外国语言文学研究论文集=A collection of foreign language and literature research papers/袁凤识,聂中华主编.-汕头:汕头大学出版社,2018 |
| 222页;24cm |
| ISBN 978-7-5658-3668-8:CNY50.00 |
| 本论文集容纳面广,以语言研究为中心,关注语言本体、外语教育与教学、翻译理论与实践等,涉及语言、文学以及教育等方面,以多维视野对外国语言文学进行当代意识的多元化诠释。 |
| ● |
| 相关链接 |
|
|
|
|
正题名:外国语言文学研究论文集
索取号:H0-53/291
 
预约/预借
| 序号 | 登录号 | 条形码 | 馆藏地/架位号 | 状态 | 备注 |
| 1 | 1188057 | 211880570 | 第二样本阅览室/ [索取号:H0-53/291] | 在馆 | |
| 2 | 1188058 | 211880589 | 第四借阅区/ [索取号:H0-53/291] | 在馆 | |
| 3 | 1188059 | 211880598 | 第四借阅区/ [索取号:H0-53/291] | 在馆 | |
| 4 | 1188060 | 211880605 | 第四借阅区/ [索取号:H0-53/291] | 在馆 |